[Event "Chigorin Memorial 2018"]
[Site "St. Petersburg"]
[Date "2018.11.01"]
[Round "6.32"]
[White "Kotlyar, Kirill"]
[Black "Abdurakhmanov, Mukhmmadali"]
[Result "1/2-1/2"]
[WhiteElo "2390"]
[BlackElo "2106"]
[PlyCount "71"]
[EventDate "2018.10.27"]
[EventType "swiss"]
[EventCountry "RUS"]
[WhiteTeam "Russland"]
[BlackTeam "Usbekistan"]
[WhiteTeamCountry "RUS"]
[BlackTeamCountry "UZB"]

1. e4 e5 2. Bc4 Nc6 3. d3 Nf6 4. Nf3 Bc5 5. O-O O-O 6. Re1 d6 7. c3 a6 8. Bb3 h6 9. Nbd2 Ba7 10. Nf1 Ne7 11. Ng3 Ng6 12. h3 Re8 13. d4 b5 14. a4 Bb7 15. Bc2 Qd7 16. dxe5 Nxe5 17. Nd4 Bb6 18. Ndf5 d5 19. exd5 Qxd5 20. Qxd5 Bxd5 21. Bf4 Ng6 22. Be3 Bxe3 23. Nxe3 Nf4 24. Nxd5 N4xd5 25. Ne4 c6 26. Nxf6+ Nxf6 27. Rxe8+ Rxe8 28. axb5 axb5 29. Ra6 Kf8 30. Kf1 Re6 31. Ra8+ Re8 32. Ra6 Re6 33. Ra8+ Re8 34. Ra7 Re7 35. Ra8+ Re8 36. Ra6 1/2-1/2

[Event "Chigorin Memorial 2018"]
[Site "St. Petersburg"]
[Date "2018.11.01"]
[Round "6.33"]
[White "Hakobyan, Hovhannes H."]
[Black "Gogolev, Artem"]
[Result "1-0"]
[WhiteElo "2168"]
[BlackElo "2389"]
[PlyCount "37"]
[EventDate "2018.10.27"]
[EventType "swiss"]
[EventCountry "RUS"]
[WhiteTeam "Armenien"]
[BlackTeam "Russland"]
[WhiteTeamCountry "ARM"]
[BlackTeamCountry "RUS"]

1. e4 e5 2. Nf3 Nc6 3. Nc3 Nf6 4. Be2 d5 5. exd5 Nxd5 6. O-O Nxc3 7. bxc3 Bd6 8. d4 O-O 9. Rb1 Re8 10. Re1 e4 11. Nd2 Qh4 12. g3 Qf6 13. Bf3 Bd7 14. Nxe4 Qf5 15. Bg2 b6 16. Qd3 Qa5 17. Bd2 Bf8 18. Ng5 g6 19. Qc4 1-0

[Event "Chigorin Memorial 2018"]
[Site "St. Petersburg"]
[Date "2018.11.01"]
[Round "6.34"]
[White "Zhuravlev, Stepan"]
[Black "Anikonov, Dmitry"]
[Result "1/2-1/2"]
[WhiteElo "2114"]
[BlackElo "2382"]
[PlyCount "82"]
[EventDate "2018.10.27"]
[EventType "swiss"]
[EventCountry "RUS"]
[WhiteTeam "Russland"]
[BlackTeam "Russland"]
[WhiteTeamCountry "RUS"]
[BlackTeamCountry "RUS"]

1. d4 d5 2. c4 e6 3. Nc3 a6 4. cxd5 exd5 5. Bf4 Nf6 6. e3 Bd6 7. Bxd6 Qxd6 8. Bd3 O-O 9. Qc2 Re8 10. Nge2 Bg4 11. O-O Bxe2 12. Nxe2 Nbd7 13. Rfc1 c6 14. b4 Rac8 15. Rab1 b5 16. Bf5 g6 17. Bh3 Ne4 18. Bxd7 Qxd7 19. a4 Nd6 20. a5 Nc4 21. Qd1 Qd6 22. Nf4 Re4 23. Nd3 Rh4 24. g3 Rh5 25. Nc5 Ra8 26. Qg4 Rf5 27. Rd1 Kg7 28. h4 Re8 29. Rd3 h5 30. Qe2 Ra8 31. Kg2 Qc7 32. Re1 Nd6 33. Rc1 Rf6 34. Re1 Ra7 35. Rdd1 Qc8 36. e4 dxe4 37. Nxe4 Nxe4 38. Qxe4 Re6 39. Qf3 Rxe1 40. Rxe1 Rd7 41. Rc1 Qd8 1/2-1/2

[Event "Chigorin Memorial 2018"]
[Site "St. Petersburg"]
[Date "2018.11.01"]
[Round "6.35"]
[White "Kiseleva, Arina"]
[Black "Nesterov, Arseniy"]
[Result "0-1"]
[WhiteElo "2027"]
[BlackElo "2378"]
[PlyCount "70"]
[EventDate "2018.10.27"]
[EventType "swiss"]
[EventCountry "RUS"]
[WhiteTeam "Russland"]
[BlackTeam "Russland"]
[WhiteTeamCountry "RUS"]
[BlackTeamCountry "RUS"]

1. d4 Nf6 2. Nf3 d5 3. e3 e6 4. b3 c5 5. Bb2 Nc6 6. Nbd2 Bd6 7. Bd3 O-O 8. a3 Qe7 9. Ne5 a5 10. O-O a4 11. Nxc6 bxc6 12. dxc5 Bxc5 13. b4 Bd6 14. c4 c5 15. bxc5 Bxc5 16. Bxf6 Qxf6 17. cxd5 Qe7 18. Qc2 exd5 19. Bxh7+ Kh8 20. Bd3 Bg4 21. h3 Be6 22. Qd1 g6 23. Nf3 Bxa3 24. Ne5 Bb2 25. Bxg6 Kg7 26. Bd3 Bxe5 27. Qh5 f5 28. Ra2 a3 29. f4 Rh8 30. Qe2 Bf6 31. g4 d4 32. g5 Bxa2 33. gxf6+ Kxf6 34. e4 fxe4 35. Bxe4 Bd5 0-1

[Event "Chigorin Memorial 2018"]
[Site "St. Petersburg"]
[Date "2018.11.01"]
[Round "6.36"]
[White "Mohite, Ranveer"]
[Black "Vdovin, Vadim"]
[Result "1-0"]
[WhiteElo "2091"]
[BlackElo "2369"]
[PlyCount "85"]
[EventDate "2018.10.27"]
[EventType "swiss"]
[EventCountry "RUS"]
[WhiteTeam "Indien"]
[BlackTeam "Russland"]
[WhiteTeamCountry "IND"]
[BlackTeamCountry "RUS"]

1. e4 e5 2. Nf3 Nc6 3. Bb5 a6 4. Ba4 Nf6 5. O-O Be7 6. d3 d6 7. c3 O-O 8. Re1 Re8 9. Nbd2 Bf8 10. Nf1 h6 11. Ng3 b5 12. Bc2 d5 13. exd5 Qxd5 14. d4 Bg4 15. Bb3 Qd7 16. h3 Bxf3 17. Qxf3 exd4 18. Bxh6 Rxe1+ 19. Rxe1 Re8 20. Rxe8 Qxe8 21. Bd2 Bc5 22. Nf5 Qe4 23. Nh6+ Kf8 24. Nxf7 Qxf3 25. gxf3 dxc3 26. bxc3 Ke7 27. Ng5 Ne5 28. Kg2 a5 29. Ne6 Bb6 30. Nxg7 a4 31. Nf5+ Kd7 32. Bc2 Nc4 33. Bg5 Ke6 34. h4 c5 35. Ne3 Nxe3+ 36. fxe3 a3 37. e4 Nh5 38. Kh3 Ba5 39. Bd2 b4 40. cxb4 Bxb4 41. Bg5 c4 42. Kg4 Nf6+ 43. Bxf6 1-0

[Event "Chigorin Memorial 2018"]
[Site "St. Petersburg"]
[Date "2018.11.01"]
[Round "6.37"]
[White "Makarian, Rudik"]
[Black "Tencati, Giuseppe"]
[Result "1/2-1/2"]
[WhiteElo "2366"]
[BlackElo "2095"]
[PlyCount "93"]
[EventDate "2018.10.27"]
[EventType "swiss"]
[EventCountry "RUS"]
[WhiteTeam "Russland"]
[BlackTeam "Italien"]
[WhiteTeamCountry "RUS"]
[BlackTeamCountry "ITA"]

1. e4 e6 2. d4 d5 3. Nd2 Nf6 4. e5 Nfd7 5. Bd3 c5 6. c3 Nc6 7. Ne2 cxd4 8. cxd4 f6 9. exf6 Nxf6 10. Nf3 Bd6 11. O-O O-O 12. Bf4 Nh5 13. Bxd6 Qxd6 14. Rc1 a6 15. Bb1 Nf4 16. Nxf4 Qxf4 17. Qd3 g6 18. Rc3 Bd7 19. g3 Qf6 20. Qe3 Rac8 21. Re1 Kg7 22. h4 Rce8 23. Ne5 Nxe5 24. dxe5 Qd8 25. Qd4 Re7 26. h5 gxh5 27. Kg2 Be8 28. Rh1 Bg6 29. Bd3 Ref7 30. f4 Rc7 31. f5 Bxf5 32. Bxf5 Rxc3 33. Rxh5 Rxg3+ 34. Kxg3 Rxf5 35. Qg4+ Kh8 36. Rxf5 exf5 37. Qxf5 d4 38. e6 Qe7 39. Kh3 d3 40. Qe5+ Kg8 41. Qb8+ Kg7 42. Qg3+ Kf6 43. Qh4+ Kxe6 44. Qe4+ Kd6 45. Qb4+ Ke6 46. Qe4+ Kd6 47. Qb4+ 1/2-1/2

[Event "Chigorin Memorial 2018"]
[Site "St. Petersburg"]
[Date "2018.11.01"]
[Round "6.38"]
[White "Sattarov, Bobir"]
[Black "Mkrtchyan, Mariam"]
[Result "1-0"]
[WhiteElo "2339"]
[BlackElo "2001"]
[PlyCount "103"]
[EventDate "2018.10.27"]
[EventType "swiss"]
[EventCountry "RUS"]
[WhiteTeam "Usbekistan"]
[BlackTeam "Armenien"]
[WhiteTeamCountry "UZB"]
[BlackTeamCountry "ARM"]

1. e4 c6 2. Nf3 d5 3. exd5 cxd5 4. Ne5 Nf6 5. d4 Nc6 6. Bb5 Bd7 7. Nxd7 Qxd7 8. c3 e6 9. O-O Bd6 10. Nd2 a6 11. Bd3 O-O 12. f4 Ne7 13. Qe2 Qc7 14. g3 Rfe8 15. Nf3 Nf5 16. Bd2 Bf8 17. b3 Nd6 18. c4 b6 19. Rac1 dxc4 20. bxc4 Qb7 21. Rb1 Qa7 22. a4 a5 23. Rb3 Rab8 24. Ne5 Qc7 25. g4 Nd7 26. Rc1 Rec8 27. Bb1 g6 28. h4 Bg7 29. Rh3 f6 30. Nf3 Re8 31. h5 Nf8 32. hxg6 hxg6 33. Bd3 Nf7 34. c5 e5 35. Bb5 Re7 36. cxb6 Qxb6 37. Rc6 Qa7 38. Ra6 Qc7 39. dxe5 fxe5 40. f5 gxf5 41. gxf5 e4 42. f6 Re6 43. fxg7 Rxa6 44. gxf8=Q+ Kxf8 45. Bxa6 Qb6+ 46. Kf1 exf3 47. Rxf3 Qb1+ 48. Qe1 Qc2 49. Bb5 Rd8 50. Bh6+ Kg8 51. Qg3+ Kh8 52. Qg7# 1-0

[Event "Chigorin Memorial 2018"]
[Site "St. Petersburg"]
[Date "2018.11.01"]
[Round "6.39"]
[White "Tsvetkov, Andrey"]
[Black "Zontakh, Andrey"]
[Result "1-0"]
[WhiteElo "2264"]
[BlackElo "2507"]
[Annotator "TA"]
[PlyCount "83"]
[EventDate "2018.10.27"]
[EventType "swiss"]
[EventCountry "RUS"]
[WhiteTeam "Russland"]
[BlackTeam "Ukraine"]
[WhiteTeamCountry "RUS"]
[BlackTeamCountry "UKR"]

1. d4 Nf6 2. c4 g6 3. Nc3 d5 4. cxd5 Nxd5 5. e4 Nxc3 6. bxc3 Bg7 7. Nf3 c5 8. Be3 Qa5 9. Nd2 cxd4 10. Nc4 Qd8 11. cxd4 O-O 12. Rc1 f5 13. exf5 gxf5 14. g3 Nc6 15. d5 Nb4 16. Bg2 b5 17. Qb3 bxc4 18. Qxb4 Ba6 19. O-O Rb8 20. Qa4 Bb5 21. Qxa7 c3 22. Rfe1 Ra8 23. Qc5 Qd7 24. d6 exd6 25. Qd5+ Kh8 26. Bd4 Rae8 27. Bxg7+ Kxg7 28. Qd4+ Kg6 29. Qxc3 Rxe1+ 30. Rxe1 Re8 31. Rd1 Ba4 32. Rb1 Qe6 33. h4 Qe5 34. Qc4 Bd7 35. Rb7 Be6 36. Qc7 Bg8 37. Bf3 Rf8 38. Qc1 f4 39. Qc2+ Kf6 40. g4 Rf7 41. Rb8 Kg7 42. Qc8 1-0

[Event "Chigorin Memorial 2018"]
[Site "St. Petersburg"]
[Date "2018.11.01"]
[Round "6.40"]
[White "Semenova, Elena"]
[Black "Khegay, Dmitriy"]
[Result "0-1"]
[WhiteElo "2263"]
[BlackElo "2499"]
[Annotator "TA"]
[PlyCount "130"]
[EventDate "2018.10.27"]
[EventType "swiss"]
[EventCountry "RUS"]
[WhiteTeam "Russland"]
[BlackTeam "Russland"]
[WhiteTeamCountry "RUS"]
[BlackTeamCountry "RUS"]

1. e4 Nc6 2. d4 d5 3. e5 Bf5 4. c3 f6 5. exf6 gxf6 6. Nf3 Qd7 7. Bb5 e6 8. Bf4 O-O-O 9. Qa4 Nge7 10. Nbd2 a6 11. Be2 Ng6 12. Bg3 Bd6 13. b4 Kb8 14. Qd1 Nce7 15. Nb3 Qa4 16. Qd2 e5 17. Nc5 Bxc5 18. bxc5 Nc6 19. O-O Qc2 20. Rfd1 exd4 21. cxd4 Rhe8 22. Qxc2 Bxc2 23. Rd2 Bf5 24. Rc1 Re6 25. Bd1 Be4 26. Kf1 Na5 27. Be2 Rde8 28. Ne1 Ne7 29. Bh5 Bg6 30. Bxg6 hxg6 31. Nd3 g5 32. Nb4 Kc8 33. Rd3 Nac6 34. Rb1 Nxb4 35. Rxb4 Nc6 36. Rb1 Re4 37. Rdb3 Na5 38. Rd3 Nc4 39. f3 Re3 40. Rxe3 Nxe3+ 41. Kf2 Nf5 42. Rb3 a5 43. Rd3 Kd7 44. Kf1 Re3 45. Rxe3 Nxe3+ 46. Kg1 Nc2 47. Bf2 a4 48. Kf1 Nb4 49. Ke2 Nxa2 50. Be1 Nc1+ 51. Kd2 Nb3+ 52. Kc3 Na5 53. Kb4 Nc6+ 54. Kxa4 Nxd4 55. Bc3 Ne6 56. Bxf6 Nxc5+ 57. Kb5 Ne6 58. h4 gxh4 59. Bxh4 c6+ 60. Kb6 d4 61. Be1 d3 62. g4 Ng5 63. f4 Nf3 64. Bc3 d2 65. Bxd2 Nxd2 0-1

[Event "Chigorin Memorial 2018"]
[Site "St. Petersburg"]
[Date "2018.11.01"]
[Round "6.41"]
[White "Duzhakov, Ilya"]
[Black "Nikitin, Sergey E."]
[Result "1-0"]
[WhiteElo "2414"]
[BlackElo "2230"]
[Annotator "TA"]
[PlyCount "69"]
[EventDate "2018.10.27"]
[EventType "swiss"]
[EventCountry "RUS"]
[WhiteTeam "Russland"]
[BlackTeam "Russland"]
[WhiteTeamCountry "RUS"]
[BlackTeamCountry "RUS"]

1. d4 d5 2. c4 e6 3. Nc3 Nf6 4. cxd5 exd5 5. Bg5 Bb4 6. Qb3 Bxc3+ 7. bxc3 c6 8. e3 Qb6 9. Bxf6 Qxb3 10. axb3 gxf6 11. Bd3 Ke7 12. Ne2 h6 13. Ng3 Rg8 14. O-O a5 15. f3 b6 16. e4 Bd7 17. Bc2 Na6 18. Rae1 Kd6 19. Nh5 f5 20. Nf6 Rgd8 21. e5+ Ke7 22. Nxd7 Rxd7 23. Bxf5 Rc7 24. e6 b5 25. exf7+ Kxf7 26. Re6 a4 27. bxa4 bxa4 28. Ra1 Nb8 29. Rxh6 Kg8 30. Ra3 Rb7 31. Bc2 Rb2 32. Rxa4 Rxa4 33. Bxa4 Ra2 34. Bxc6 Kg7 35. Re6 1-0

[Event "Chigorin Memorial 2018"]
[Site "St. Petersburg"]
[Date "2018.11.01"]
[Round "6.42"]
[White "Khusenkhojaev, Mustafokhuja"]
[Black "Sadovsky, Artem"]
[Result "1/2-1/2"]
[WhiteElo "2229"]
[BlackElo "2408"]
[PlyCount "82"]
[EventDate "2018.10.27"]
[EventType "swiss"]
[EventCountry "RUS"]
[WhiteTeam "Tadschikistan"]
[BlackTeam "Russland"]
[WhiteTeamCountry "TJK"]
[BlackTeamCountry "RUS"]

1. d4 d5 2. Nf3 c5 3. c4 dxc4 4. e3 e6 5. Bxc4 Nf6 6. O-O Nc6 7. dxc5 Qxd1 8. Rxd1 Bxc5 9. a3 Ke7 10. b4 Bd6 11. Bb2 b6 12. Nbd2 Bb7 13. Rac1 Rac8 14. Be2 Rhd8 15. Nc4 Bc7 16. Rxd8 Bxd8 17. Kf1 a6 18. Nce5 Nxe5 19. Rxc8 Bxc8 20. Nxe5 Bb7 21. Ng4 Ne8 22. Ne5 f6 23. Nc4 b5 24. Nd2 Nd6 25. Bd4 Kd7 26. Nb3 e5 27. Nc5+ Ke7 28. Nxb7 Nxb7 29. Bf3 Nd6 30. Bc5 Ke6 31. Bxd6 Kxd6 32. Ke2 f5 33. Bb7 a5 34. Kd3 axb4 35. axb4 Bh4 36. g3 Be7 37. Kc3 f4 38. exf4 exf4 39. Be4 h6 40. Bg6 Kc7 41. Be8 Kb6 1/2-1/2

[Event "Chigorin Memorial 2018"]
[Site "St. Petersburg"]
[Date "2018.11.01"]
[Round "6.43"]
[White "Yagupov, Igor"]
[Black "Zaichikov, Andrey"]
[Result "1-0"]
[WhiteElo "2403"]
[BlackElo "2202"]
[PlyCount "81"]
[EventDate "2018.10.27"]
[EventType "swiss"]
[EventCountry "RUS"]
[WhiteTeam "Russland"]
[BlackTeam "Russland"]
[WhiteTeamCountry "RUS"]
[BlackTeamCountry "RUS"]

1. e4 e5 2. Nf3 Nc6 3. Bb5 a6 4. Ba4 Nf6 5. O-O Nxe4 6. d4 exd4 7. Re1 d5 8. Nxd4 Bd6 9. Nxc6 Bxh2+ 10. Kh1 Qh4 11. Rxe4+ dxe4 12. Qd8+ Qxd8 13. Nxd8+ Kxd8 14. Kxh2 Be6 15. Be3 f5 16. Nc3 Kc8 17. Kg3 b5 18. Bb3 Bxb3 19. axb3 Kb7 20. Kf4 Rhf8 21. g4 fxg4+ 22. Kxg4 Rae8 23. Rh1 h6 24. b4 Re6 25. Rd1 Rf3 26. Nxe4 Rxe3 27. Nc5+ Kc6 28. fxe3 Rxe3 29. Nxa6 Re2 30. c3 Rxb2 31. Nb8+ Kb7 32. Nd7 Re2 33. Rd3 Kc6 34. Kf5 Rf2+ 35. Ke6 g5 36. Ne5+ Kb6 37. Rd8 Kb7 38. Rd5 Kb6 39. Rc5 Re2 40. Kd7 Rd2+ 41. Kc8 1-0

[Event "Chigorin Memorial 2018"]
[Site "St. Petersburg"]
[Date "2018.11.01"]
[Round "6.44"]
[White "Chibukhchyan, Erik"]
[Black "Rohith Krishna S"]
[Result "1/2-1/2"]
[WhiteElo "2200"]
[BlackElo "2403"]
[PlyCount "114"]
[EventDate "2018.10.27"]
[EventType "swiss"]
[EventCountry "RUS"]
[WhiteTeam "Russland"]
[BlackTeam "Indien"]
[WhiteTeamCountry "RUS"]
[BlackTeamCountry "IND"]

1. e4 e5 2. Nf3 Nc6 3. Bb5 a6 4. Bxc6 dxc6 5. O-O f6 6. d4 exd4 7. Nxd4 c5 8. Ne2 Qxd1 9. Rxd1 Bd6 10. Bf4 Bxf4 11. Nxf4 Ne7 12. Nc3 Bd7 13. Ncd5 Nxd5 14. Nxd5 O-O-O 15. Rd2 Rde8 16. f3 Bc6 17. Kf2 b6 18. Rad1 Rhf8 19. g4 Rf7 20. Nf4 g6 21. h4 Rg7 22. h5 f5 23. h6 Rgg8 24. exf5 gxf5 25. g5 Rxg5 26. Rd8+ Rxd8 27. Rxd8+ Kxd8 28. Ne6+ Ke7 29. Nxg5 Kf6 30. Nxh7+ Kg6 31. Ng5 Kxh6 32. Ne6 Kg6 33. f4 Kf6 34. Ng5 Bd5 35. a3 Ke7 36. Ke3 Kd6 37. c3 b5 38. Kd3 a5 39. Ke3 Kd7 40. Kd2 Kc6 41. Kd3 Kd6 42. Ke3 c4 43. Kd4 c5+ 44. Ke3 b4 45. Kd2 Kc6 46. Kc1 Kb5 47. Kb1 Ka4 48. Ka2 Be4 49. Nf7 b3+ 50. Ka1 Bc2 51. Nd6 Bd3 52. Nb5 Bb1 53. Nd6 Bc2 54. Nb5 Bd3 55. Nd6 Bc2 56. Nb5 Kxb5 57. a4+ Kxa4 1/2-1/2

[Event "Chigorin Memorial 2018"]
[Site "St. Petersburg"]
[Date "2018.11.01"]
[Round "6.45"]
[White "Pujari, Rucha"]
[Black "Pershin, Denis"]
[Result "0-1"]
[WhiteElo "2160"]
[BlackElo "2397"]
[PlyCount "74"]
[EventDate "2018.10.27"]
[EventType "swiss"]
[EventCountry "RUS"]
[WhiteTeam "Indien"]
[BlackTeam "Russland"]
[WhiteTeamCountry "IND"]
[BlackTeamCountry "RUS"]

1. d4 d5 2. c4 c6 3. cxd5 cxd5 4. Nc3 Nf6 5. Bf4 Nc6 6. e3 a6 7. Rc1 Bf5 8. Nf3 Rc8 9. Bd3 Bxd3 10. Qxd3 e6 11. O-O Bd6 12. Bxd6 Qxd6 13. Na4 Nd7 14. a3 O-O 15. b4 Rc7 16. Nc5 Nb6 17. b5 axb5 18. Qxb5 Nc4 19. Nxb7 Qxa3 20. Qc5 Qa6 21. Nd6 Nxd4 22. Qxc7 Ne2+ 23. Kh1 Nxc1 24. Nf5 Ne2 25. Ne7+ Kh8 26. Ng5 h6 27. Nxf7+ Kh7 28. Rb1 Rxf7 29. Qd8 Rxe7 30. Qxe7 Nd2 31. Re1 Ne4 32. g3 Nxf2+ 33. Kg2 Ne4 34. Qf7 Qa2 35. Kh1 Qd2 36. Rb1 Qxe3 37. Kg2 Ng5 0-1

[Event "Chigorin Memorial 2018"]
[Site "St. Petersburg"]
[Date "2018.11.01"]
[Round "6.46"]
[White "Kukhmazov, Arsen"]
[Black "Sokolov, Ilia"]
[Result "1-0"]
[WhiteElo "2395"]
[BlackElo "2150"]
[PlyCount "31"]
[EventDate "2018.10.27"]
[EventType "swiss"]
[EventCountry "RUS"]
[WhiteTeam "Russland"]
[BlackTeam "Russland"]
[WhiteTeamCountry "RUS"]
[BlackTeamCountry "RUS"]

1. d4 d5 2. c4 e6 3. Nf3 Nf6 4. g3 c6 5. Bg2 dxc4 6. a4 Bb4+ 7. Bd2 Be7 8. Na3 O-O 9. Nxc4 c5 10. dxc5 Bxc5 11. b4 Bd4 12. Nxd4 Qxd4 13. Qc1 Nc6 14. Be3 Qg4 15. b5 Nd4 16. f3 1-0

[Event "Chigorin Memorial 2018"]
[Site "St. Petersburg"]
[Date "2018.11.01"]
[Round "6.47"]
[White "Eynullayev, Altay"]
[Black "Palchun, Grigory"]
[Result "1/2-1/2"]
[WhiteElo "2180"]
[BlackElo "2394"]
[PlyCount "144"]
[EventDate "2018.10.27"]
[EventType "swiss"]
[EventCountry "RUS"]
[WhiteTeam "Aserbeidschan"]
[BlackTeam "Russland"]
[WhiteTeamCountry "AZE"]
[BlackTeamCountry "RUS"]

1. e4 e5 2. Nf3 Nc6 3. Bb5 a6 4. Ba4 d6 5. c3 Bd7 6. d4 Nge7 7. d5 Nb8 8. c4 Ng6 9. Nc3 Be7 10. g3 c6 11. h4 O-O 12. h5 Nh8 13. Bc2 Bg4 14. Qe2 Qc8 15. Kf1 Bd8 16. Kg2 f6 17. Nd1 Bb6 18. Ne3 Bxe3 19. Bxe3 Nf7 20. Qd2 f5 21. exf5 Bxf5 22. Rac1 e4 23. Nd4 c5 24. Nxf5 Qxf5 25. Rh4 Qf3+ 26. Kg1 Re8 27. Bd1 Qf6 28. Rf4 Qe7 29. Bg4 Kh8 30. Kg2 Nd7 31. Qe2 Nfe5 32. Rxe4 Nf6 33. Bg5 Qf8 34. Bxf6 gxf6 35. Bf5 Nf7 36. Re1 Re5 37. Be6 Ng5 38. Re3 Nxe6 39. dxe6 Qh6 40. Rxe5 fxe5 41. Qf3 Qxe6 42. Qxb7 Rf8 43. Qd5 Qf5 44. Re2 Rf6 45. f4 Qxh5 46. Qa8+ Kg7 47. Qb7+ Kh6 48. Qf3 exf4 49. gxf4 Rg6+ 50. Kf2 Qh2+ 51. Ke1 Qg1+ 52. Qf1 Qg3+ 53. Qf2 Qxf2+ 54. Kxf2 Rf6 55. Kf3 Kg6 56. Re8 Kf7 57. Ra8 Rh6 58. Rxa6 Ke6 59. Ke4 Rh2 60. b3 Re2+ 61. Kf3 Rb2 62. Ra7 h5 63. Rh7 Rxa2 64. Rh6+ Kd7 65. Rxh5 Rb2 66. Rh7+ Ke6 67. Rb7 Kf5 68. Ke3 Rh2 69. Rb6 Rh3+ 70. Kd2 Kxf4 71. Rxd6 Rxb3 72. Rd5 Ke4 1/2-1/2

[Event "Chigorin Memorial 2018"]
[Site "St. Petersburg"]
[Date "2018.11.01"]
[Round "6.48"]
[White "Galchenko, Vadim"]
[Black "Brikov, Illarion"]
[Result "1-0"]
[WhiteElo "2135"]
[BlackElo "2371"]
[PlyCount "71"]
[EventDate "2018.10.27"]
[EventType "swiss"]
[EventCountry "RUS"]
[WhiteTeam "Russland"]
[BlackTeam "Russland"]
[WhiteTeamCountry "RUS"]
[BlackTeamCountry "RUS"]

1. e4 e5 2. Nc3 Nf6 3. Bc4 Nc6 4. d3 Na5 5. Nge2 Nxc4 6. dxc4 Bc5 7. h3 d6 8. Qd3 a6 9. O-O h6 10. Kh1 g5 11. Be3 Be6 12. Bxc5 dxc5 13. Qe3 Qe7 14. b3 O-O-O 15. Nd5 Bxd5 16. cxd5 g4 17. h4 Nd7 18. g3 Rdf8 19. f3 Rhg8 20. Rf2 f5 21. exf5 Rxf5 22. Raf1 Qf7 23. c4 Qg6 24. fxg4 Rxf2 25. Rxf2 Qxg4 26. Qxh6 Rg6 27. Qe3 Qh3+ 28. Rh2 Qf1+ 29. Ng1 b6 30. h5 Rg8 31. Rf2 Qd1 32. h6 e4 33. h7 Rh8 34. Qxe4 Qa1 35. Rf7 Qd1 36. Qf5 1-0

[Event "Chigorin Memorial 2018"]
[Site "St. Petersburg"]
[Date "2018.11.01"]
[Round "6.49"]
[White "Kochukova, Anna"]
[Black "Saveliev, Alexei"]
[Result "1/2-1/2"]
[WhiteElo "2121"]
[BlackElo "2365"]
[PlyCount "81"]
[EventDate "2018.10.27"]
[EventType "swiss"]
[EventCountry "RUS"]
[WhiteTeam "Russland"]
[BlackTeam "Russland"]
[WhiteTeamCountry "RUS"]
[BlackTeamCountry "RUS"]

1. e4 c5 2. Nf3 e6 3. d4 cxd4 4. Nxd4 a6 5. Bd3 Nf6 6. O-O d6 7. c4 g6 8. Nc3 Bg7 9. Nf3 O-O 10. h3 b6 11. Bg5 Bb7 12. Rc1 Qc7 13. Qd2 Nbd7 14. b4 Rac8 15. Qe3 Rfe8 16. Bf4 Qb8 17. Rfd1 Bf8 18. Be2 Red8 19. a3 Be7 20. Nd2 Qa8 21. Bh2 Ne8 22. Na4 Qa7 23. Nb3 Bc6 24. Nc3 Qa8 25. f4 Ng7 26. g4 Bb7 27. Bd3 a5 28. Ra1 Re8 29. Na4 f5 30. Nxb6 Nxb6 31. Qxb6 a4 32. Na5 Bxe4 33. Bxe4 Qxe4 34. Re1 Qc2 35. Qd4 fxg4 36. hxg4 g5 37. f5 Rf8 38. Rac1 Qa2 39. Ra1 Qc2 40. Rac1 Qa2 41. Ra1 1/2-1/2

[Event "Chigorin Memorial 2018"]
[Site "St. Petersburg"]
[Date "2018.11.01"]
[Round "6.50"]
[White "Yatzenko, Anton"]
[Black "Kavyev, Ruslan"]
[Result "1/2-1/2"]
[WhiteElo "2351"]
[BlackElo "2145"]
[PlyCount "80"]
[EventDate "2018.10.27"]
[EventType "swiss"]
[EventCountry "RUS"]
[WhiteTeam "Russland"]
[BlackTeam "Russland"]
[WhiteTeamCountry "RUS"]
[BlackTeamCountry "RUS"]

1. Nf3 Nf6 2. c4 c5 3. g3 g6 4. Bg2 Bg7 5. Nc3 O-O 6. d4 cxd4 7. Nxd4 Nc6 8. O-O d6 9. Nc2 Qa5 10. Nd5 Be6 11. Bd2 Qd8 12. Bc3 Ne5 13. Nxf6+ Bxf6 14. Bxb7 Rb8 15. Bd5 Bh3 16. Bg2 Bxg2 17. Kxg2 Nxc4 18. Bxf6 exf6 19. b3 Ne5 20. Qd4 Qe7 21. Ne3 Rfd8 22. Rac1 Rbc8 23. Rfd1 Qb7+ 24. Nd5 Kg7 25. f3 Qa6 26. Qb2 Rxc1 27. Rxc1 Rc8 28. Rd1 Rc5 29. b4 Qb7 30. e4 Rc4 31. Rc1 Qc8 32. Rc3 Rxc3 33. Qxc3 Qa6 34. Qb2 Qd3 35. Qf2 Qd1 36. Nc3 Qd3 37. Nd5 Qd1 38. Nc3 Qd3 39. Nd5 Qd1 40. Nc3 Qd3 1/2-1/2

[Event "Chigorin Memorial 2018"]
[Site "St. Petersburg"]
[Date "2018.11.01"]
[Round "6.51"]
[White "Yaroslavtsev, Artem"]
[Black "Naboka, Sergey"]
[Result "0-1"]
[WhiteElo "2097"]
[BlackElo "2345"]
[PlyCount "100"]
[EventDate "2018.10.27"]
[EventType "swiss"]
[EventCountry "RUS"]
[WhiteTeam "Russland"]
[BlackTeam "Ukraine"]
[WhiteTeamCountry "RUS"]
[BlackTeamCountry "UKR"]

1. e4 c5 2. Nf3 Nc6 3. Bb5 g6 4. Bxc6 dxc6 5. d3 Bg7 6. h3 Nf6 7. Nc3 Nd7 8. Be3 e5 9. Qd2 Qe7 10. Bh6 Bxh6 11. Qxh6 f6 12. Nd2 Nb6 13. a4 a5 14. O-O g5 15. Qh5+ Qf7 16. Qxf7+ Kxf7 17. Nd1 Be6 18. Ne3 Rad8 19. Rfd1 h5 20. b3 Kg6 21. Ndc4 Nxc4 22. bxc4 g4 23. hxg4 hxg4 24. g3 f5 25. exf5+ Bxf5 26. Re1 Rd4 27. Ng2 Kf6 28. Re3 e4 29. Nf4 Rd7 30. Kg2 Rdh7 31. Rg1 Ke5 32. Kf1 Re8 33. Ke2 Rh2 34. Rb1 Rh7 35. dxe4 Bxe4 36. Nd3+ Kd4 37. Rb3 Kxc4 38. Kd2 Kd4 39. Nf4 c4 40. c3+ Kc5 41. Rb2 Rd8+ 42. Ke2 Bf3+ 43. Rxf3 gxf3+ 44. Kxf3 Rf7 45. Kg2 Re8 46. Ra2 Re1 47. Ne2 Re7 48. Kf3 b5 49. g4 b4 50. g5 b3 0-1

[Event "Chigorin Memorial 2018"]
[Site "St. Petersburg"]
[Date "2018.11.01"]
[Round "6.52"]
[White "Smirnov, Timofey"]
[Black "Vasiliev, Georgiy"]
[Result "1-0"]
[WhiteElo "2332"]
[BlackElo "2124"]
[PlyCount "65"]
[EventDate "2018.10.27"]
[EventType "swiss"]
[EventCountry "RUS"]
[WhiteTeam "Russland"]
[BlackTeam "Russland"]
[WhiteTeamCountry "RUS"]
[BlackTeamCountry "RUS"]

1. e4 c6 2. d4 d5 3. Nc3 dxe4 4. Nxe4 Bf5 5. Ng3 Bg6 6. Bc4 e6 7. N1e2 Bd6 8. Nf4 Bxf4 9. Bxf4 Nf6 10. O-O O-O 11. c3 Nbd7 12. Qb3 b5 13. Be2 Nb6 14. Bg5 h6 15. Bh4 Nbd5 16. Rfe1 a5 17. a4 Rb8 18. Bxf6 gxf6 19. axb5 Nf4 20. Bf1 cxb5 21. Ne4 b4 22. Qd1 bxc3 23. bxc3 f5 24. Nc5 Kh7 25. Qf3 Qd6 26. Re5 f6 27. Ree1 Bh5 28. Qe3 Rbe8 29. Rxa5 Rg8 30. Ra7+ Kh8 31. Rd7 Qb8 32. Na6 Qc8 33. Rc7 1-0

[Event "Chigorin Memorial 2018"]
[Site "St. Petersburg"]
[Date "2018.11.01"]
[Round "6.53"]
[White "Martynyuk, Elizaveta"]
[Black "Demianjuk, Alexander"]
[Result "1-0"]
[WhiteElo "2076"]
[BlackElo "2332"]
[PlyCount "61"]
[EventDate "2018.10.27"]
[EventType "swiss"]
[EventCountry "RUS"]
[WhiteTeam "Russland"]
[BlackTeam "Russland"]
[WhiteTeamCountry "RUS"]
[BlackTeamCountry "RUS"]

1. e4 e5 2. Nf3 Nc6 3. Bc4 Nf6 4. d3 Be7 5. c3 O-O 6. O-O d5 7. exd5 Nxd5 8. Nbd2 Nb6 9. Bb5 Nb8 10. Nc4 c6 11. Nxb6 axb6 12. Bc4 b5 13. Bb3 Bf6 14. Be3 Bg4 15. Qe2 Bxf3 16. Qxf3 Qxd3 17. Rad1 Qg6 18. Rd6 Na6 19. Rd7 e4 20. Qh3 Rae8 21. Rxb7 Re5 22. Rxf7 Qxf7 23. Bxf7+ Kxf7 24. Qd7+ Be7 25. Qxc6 Nc5 26. Bd4 Rf5 27. Qxb5 Kg8 28. Qc4+ Kh8 29. b4 Nd3 30. Qe6 Bf6 31. Qxf5 1-0